Introduction to artificial intelligence and expert systems. (Record no. 7205)

MARC details
000 -LEADER
fixed length control field 00575nam a22001932 4500
001 - CONTROL NUMBER
control field 0000006137
005 - DATE AND TIME OF LATEST TRANSACTION
control field 20151217152013.0
008 - FIXED-LENGTH DATA ELEMENTS--GENERAL INFORMATION
fixed length control field 070920s xx 000 0 eng d
020 ## - INTERNATIONAL STANDARD BOOK NUMBER
International Standard Book Number 8120307771 :
Terms of availability KES 580
040 ## - CATALOGING SOURCE
Original cataloging agency KABU
Transcribing agency KABU
100 1# - MAIN ENTRY--PERSONAL NAME
Personal name Patterson, Dan W.
-- 0000157524
245 10 - TITLE STATEMENT
Title Introduction to artificial intelligence and expert systems.
260 ## - PUBLICATION, DISTRIBUTION, ETC. (IMPRINT)
Place of publication, distribution, etc. New Delhi :
Name of publisher, distributor, etc. Prentice-Hall,
Date of publication, distribution, etc. 2006.
300 ## - PHYSICAL DESCRIPTION
Extent xv, 448 p.
650 #0 - SUBJECT ADDED ENTRY--TOPICAL TERM
Topical term or geographic name as entry element Artificial intelligence.
-- 0000121551
908 ## - PUT COMMAND PARAMETER (RLIN)
Put command parameter 070920
950 ## - LOCAL HOLDINGS (RLIN)
-- 1
Holdings
Withdrawn status Lost status Source of classification or shelving scheme Not for loan Home library Current library Date acquired Total Checkouts Full call number Barcode Date last seen Date last checked out Price effective from Koha item type
    Library of Congress Classification   Kabarak, Main Campus Kabarak, Main Campus 17/12/2015 2 Q335 .P38 004976 04/11/2022 21/10/2022 17/12/2015 General Collection
Designed with assistance from East African Informatics Ltd